Teknologi elektronik =
| Format: | Book |
|---|---|
| Published: |
Kuala Lumpur:
Bank Pembangunan Malaysia Berhad,
1996.
|
| Series: | Siri PT No.1
|
| Subjects: |
| LEADER | 00507cam a2200169 7i4500 | ||
|---|---|---|---|
| 001 | 0000006394 | ||
| 005 | 19991025090000.0 | ||
| 002 | ##000008080 | ||
| 020 | 0 | 0 | |a 967-9909-41-7 |
| 090 | 0 | 0 | |a M 621.381 |b TEK |
| 245 | 0 | 0 | |a Teknologi elektronik = |l elektronic technology. |
| 260 | 0 | 0 | |a Kuala Lumpur: |b Bank Pembangunan Malaysia Berhad, |c 1996. |
| 300 | 0 | 0 | |a 42p.. |
| 440 | 0 | 0 | |a Siri PT No.1 |
| 650 | 0 | 0 | |a Electronic technology -- |z Malaysia |
| 651 | 0 | 0 | |a Malaysia |
| 999 | |a 0000009466 |b Book |c Open shelf |e Business Information Centre | ||


